17 de miedo. /
Guardado en:
| Autor Principal: | |
|---|---|
| Otros Autores: | , , , , , , , , , , , , , , , |
| Formato: | Libro |
| Idioma: | Undetermined |
| Publicado: |
Buenos Aires :
Sudamericana,
2002.
|
| Edición: | 5a ed. |
| Series: | Primera / Canela
|
| Materias: | |
| Etiquetas: |
Agregar Etiqueta
Sin Etiquetas, Sea el primero en etiquetar este registro!
|
| LEADER | 02282nam a22004575a 4500 | ||
|---|---|---|---|
| 001 | CEM.cems020351 | ||
| 008 | 230815s2002####ag############000#0#und#d | ||
| 005 | 20231003093422.0 | ||
| 245 | 1 | 0 | |a 17 de miedo. / |c Jorge Accame y otros. |
| 250 | |a 5a ed. | ||
| 260 | |a Buenos Aires : |b Sudamericana, |c 2002. | ||
| 300 | |a 96 p. | ||
| 490 | 1 | |a Primera / Canela | |
| 500 | |a Edad sugerida a partir de 10 años. | ||
| 505 | 0 | |a El desbravador de mulas / Jorge Accame -- Gato y torcaza / David Wapner -- La luz / David Wapner -- Juan sin miedo / Ítalo Calvino -- Crónicas de terror / Oche Califa -- Un mojado miedo verde... / Graciela Falbo -- La casa gris / Canela -- El demonio de mis sueños / Antonio Machado -- El tamaño de mi miedo / Gustavo Roldán -- Los dragones / Graciela Pérez Aguilar -- Historia de Don Muerte, la triste y el zopilote / Eduardo Galeano -- Cacería de la víbora de cascabel / Horacio Quiroga -- El señor escondido / Luis María Pescetti -- La calle de los fantasmas / Javier Villafañe -- Murcielaguito / Shel Silverstein -- Los monstruos que conocí / Shel Silverstein -- Miedo / Shel Silverstein -- Las discotecas no existen de día / Ana María Shúa -- Alquimia para construir un Golem / Perla Suez -- La ventana abierta / Saki | |
| 020 | |a 9500711494 | ||
| 100 | 1 | |a Accame, Jorge. | |
| 700 | 1 | |a Wapner, David. | |
| 700 | 1 | |a Calvino, Ítalo. | |
| 700 | 1 | |a Califa, Oche. | |
| 700 | 1 | |a Falbo, Graciela. | |
| 700 | 1 | |a Canela. | |
| 700 | 1 | |a Machado, Antonio. | |
| 700 | 1 | |a Roldán, Gustavo. | |
| 700 | 1 | |a Pérez Aguilar, Graciela. | |
| 700 | 1 | |a Galeano, Eduardo. | |
| 700 | 1 | |a Quiroga, Horacio. | |
| 700 | 1 | |a Pescetti, Luis María. | |
| 700 | 1 | |a Villafañe, Javier. | |
| 700 | 1 | |a Silverstein, Shel. | |
| 700 | 1 | |a Shúa, Ana María. | |
| 700 | 1 | |a Suez, Perla. | |
| 700 | 1 | |a Saki. | |
| 653 | |a Antología | ||
| 653 | |a Cuentos | ||
| 653 | |a Literatura universal | ||
| 653 | |a Literatura infantil y juvenil | ||
| 859 | |a CEMS |b BIB. CEMS - Inicial y Primaria |h 808.8 |i Ac21-2 |k IP |p 2117 |t Ej.1 | ||
| 859 | |a CEMS |b BIB. CEMS - Inicial y Primaria |h 808.8 |i Ac21-2 |k IP |p 2118 |t Ej.2 | ||
| 859 | |a CEMS |b BIB. CEMS - Inicial y Primaria |h 808.8 |i Ac21-2 |k IP |p 2119 |t Ej.3 | ||
| 859 | |a CEMS |b BIB. CEMS - Inicial y Primaria |h 808.8 |i Ac21-2 |k IP |p 2120 |t Ej.4 | ||
